The return of the king (Record no. 65943)

MARC details
000 -LEADER
fixed length control field 00666nam a2200253 i 4500
001 - CONTROL NUMBER
control field C2-0252976
003 - CONTROL NUMBER IDENTIFIER
control field PPAK
005 - DATE AND TIME OF LATEST TRANSACTION
control field 20180727220110.0
008 - FIXED-LENGTH DATA ELEMENTS--GENERAL INFORMATION
fixed length control field 031224s2002 enk |||| ||||| | eng d
020 ## - INTERNATIONAL STANDARD BOOK NUMBER
International Standard Book Number 0007171994
040 ## - CATALOGING SOURCE
Original cataloging agency PPAK
Language of cataloging eng
Transcribing agency PPAK
Description conventions rda
082 04 - DEWEY DECIMAL CLASSIFICATION NUMBER
Classification number 823
Edition number 23
090 00 - LOCALLY ASSIGNED LC-TYPE CALL NUMBER (OCLC); LOCAL CALL NUMBER (RLIN)
Classification number (OCLC) (R) ; Classification number, CALL (RLIN) (NR) 823
Feature heading TOL
Feature heading G
100 1# - MAIN ENTRY--PERSONAL NAME
Personal name Tolkien, J.R.R.,
Relator term author
245 14 - TITLE STATEMENT
Title The return of the king
264 #1 - PRODUCTION, PUBLICATION, DISTRIBUTION, MANUFACTURE, AND COPYRIGHT NOTICE
Place of production, publication, distribution, manufacture London :
Name of producer, publisher, distributor, manufacturer HaperCollins ,
Date of production, publication, distribution, manufacture, or copyright notice 2002
300 ## - PHYSICAL DESCRIPTION
Extent 554 pages ;
Dimensions 18 cm
336 ## - CONTENT TYPE
Source rdacontent
Content type term text
337 ## - MEDIA TYPE
Source rdamedia
Media type term unmediated
338 ## - CARRIER TYPE
Source rdacarrier
Carrier type term volume
500 ## - GENERAL NOTE
General note Part 3 of The lord of the rings
650 10 - SUBJECT ADDED ENTRY--TOPICAL TERM
Topical term or geographic name entry element English fiction
942 ## - ADDED ENTRY ELEMENTS (KOHA)
-- dc
Koha item type Book
Holdings
Withdrawn Not for loan Current library Shelving location Date acquired Total Checkouts Full call number Barcode Date last seen Date last checked out Koha item type Checked out
    Perpustakaan Awam Sungai Petani Pinjaman Dewasa 28/12/2003 1 823 TOL A01063428 30/11/2023 03/08/2019 Book  
    Perpustakaan Baling Pinjaman Dewasa 28/12/2003 1 823 TOL A01063433 12/09/2020 12/09/2020 Book 03/10/2020
    Perpustakaan Baling Pinjaman Dewasa 28/12/2003   823 TOL A01063434 08/05/2018   Book  
    Perpustakaan Bandar Baharu Pinjaman Dewasa 28/12/2003   823 TOL A01063437 08/05/2018   Book  
    Perpustakaan Jitra Pinjaman Dewasa 28/12/2003 1 823 TOL A01063430 24/08/2022 14/08/2022 Book  
    Perpustakaan Kulim Pinjaman Dewasa 28/12/2003 2 823 TOL A01063431 28/01/2020 07/01/2020 Book  
    Perpustakaan Langkawi Pinjaman Dewasa 28/12/2003 1 823 TOL A01063436 25/07/2023 23/07/2023 Book  
    Perpustakaan Yan Pinjaman Dewasa 28/12/2003   823 TOL A01063435 08/05/2018   Book